Company Law-1 (Record no. 11474)

MARC details
000 -LEADER
fixed length control field 00414nam a22001817a 4500
003 - CONTROL NUMBER IDENTIFIER
control field OSt
008 - FIXED-LENGTH DATA ELEMENTS--GENERAL INFORMATION
fixed length control field 220823b ||||| |||| 00| 0 eng d
020 ## - INTERNATIONAL STANDARD BOOK NUMBER
International Standard Book Number 9789353594558
082 ## - DEWEY DECIMAL CLASSIFICATION NUMBER
Classification number 346.066 AHC
100 ## - MAIN ENTRY--PERSONAL NAME
Personal name AHUJA,Shagun
245 ## - TITLE STATEMENT
Title Company Law-1
250 ## - EDITION STATEMENT
Edition statement Reprint
260 ## - PUBLICATION, DISTRIBUTION, ETC. (IMPRINT)
Place of publication, distribution, etc New Delhi
Name of publisher, distributor, etc Kalyani
Date of publication, distribution, etc 2019
300 ## - PHYSICAL DESCRIPTION
Extent Misc
650 ## - SUBJECT ADDED ENTRY--TOPICAL TERM
Topical term or geographic name as entry element Commerce
700 ## - ADDED ENTRY--PERSONAL NAME
Personal name Budhiraja,Lovenish
942 ## - ADDED ENTRY ELEMENTS (KOHA)
Source of classification or shelving scheme Dewey Decimal Classification
Koha item type Text Books
942 ## - ADDED ENTRY ELEMENTS (KOHA)
-- 2
Holdings
Withdrawn status Lost status Source of classification or shelving scheme Damaged status Not for loan Collection code Home library Current library Date acquired Source of acquisition Currency Cost, normal purchase price Bill Number Total Checkouts Full call number Acc. no. / Barcode Date last seen Actual Cost, discounted price Bill Date Koha item type Date last borrowed
    Dewey Decimal Classification     B.Com PIET NCR College Library PIET NCR College Library 23/08/2022 Kirti Prakashan Indian Rup 125.00 IN761   346.066 AHC N2567 23/08/2022 100.00 20/08/2022 Reference Books  
    Dewey Decimal Classification     B.Com PIET NCR College Library PIET NCR College Library 23/08/2022 Kirti Prakashan Indian Rup 125.00 IN761 5 346.066 AHC N2568 14/04/2025 100.00 20/08/2022 Text Books 04/04/2025
    Dewey Decimal Classification     B.Com PIET NCR College Library PIET NCR College Library 23/08/2022 Kirti Prakashan Indian Rup 125.00 IN761 10 346.066 AHC N2569 03/07/2024 100.00 20/08/2022 Text Books 25/06/2024
    Dewey Decimal Classification     B.Com PIET NCR College Library PIET NCR College Library 23/08/2022 Kirti Prakashan Indian Rup 125.00 IN761 7 346.066 AHC N2570 15/04/2024 100.00 20/08/2022 Text Books 01/04/2024
    Dewey Decimal Classification     B.Com PIET NCR College Library PIET NCR College Library 23/08/2022 Kirti Prakashan Indian Rup 125.00 IN761 6 346.066 AHC N2571 05/04/2024 100.00 20/08/2022 Text Books 26/03/2024
    Dewey Decimal Classification     B.Com PIET NCR College Library PIET NCR College Library 23/08/2022 Kirti Prakashan Indian Rup 125.00 IN761 4 346.066 AHC N2572 07/12/2023 100.00 20/08/2022 Text Books 05/12/2023
    Dewey Decimal Classification     B.Com PIET NCR College Library PIET NCR College Library 23/08/2022 Kirti Prakashan Indian Rup 125.00 IN761   346.066 AHC N2573 23/08/2022 100.00 20/08/2022 Text Books  
    Dewey Decimal Classification     B.Com PIET NCR College Library PIET NCR College Library 23/08/2022 Kirti Prakashan Indian Rup 125.00 IN761 4 346.066 AHC N2574 12/03/2026 100.00 20/08/2022 Text Books 25/02/2026
    Dewey Decimal Classification     B.Com PIET NCR College Library PIET NCR College Library 23/08/2022 Kirti Prakashan Indian Rup 125.00 IN761 6 346.066 AHC N2575 14/04/2025 100.00 20/08/2022 Text Books 31/03/2025
    Dewey Decimal Classification     B.Com PIET NCR College Library PIET NCR College Library 23/08/2022 Kirti Prakashan Indian Rup 125.00 IN761 6 346.066 AHC N2576 08/05/2024 100.00 20/08/2022 Text Books 23/04/2024

Design & Developed by: PIET Central Library
R70 Miles Stone Pattikalyana Samalkha Panipat 132102
mail ID :- [email protected], Phone No:- 0180-2569700 Ex.216